It looks like you're offline.
Open Library logo
additional options menu

MARC Record from Scriblio

Record ID marc_records_scriblio_net/part18.dat:14472471:694
Source Scriblio
Download Link /show-records/marc_records_scriblio_net/part18.dat:14472471:694?format=raw

LEADER: 00694pam 2200229 a 4500
001 85029302
003 DLC
005 19860623000000.0
008 851203s1986 nyua b 00110 eng
010 $a 85029302
020 $a0486650928 (pbk.) :$c$6.00
050 0 $aQA612.19$b.S2 1986
082 0 $a511/.5$219
100 10 $aSaaty, Thomas L.
245 14 $aThe four-color problem :$bassaults and conquest /$cThomas L. Saaty and Paul C. Kainen.
260 0 $aNew York :$bDover Publications,$c1986.
300 $avi, 217 p. :$bill. ;$c21 cm.
504 $aBibliography: p. 197-211.
500 $aIncludes index.
650 0 $aFour-color problem.
700 10 $aKainen, Paul C.
740 01 $a4 color-problem.